Central Library OPAC University of Rajshahi

The bitter tea of General Yen / (Record no. 76627)

MARC details
000 -LEADER
fixed length control field 00738nam a2200253 a 4500
001 - CONTROL NUMBER
control field 76627
003 - CONTROL NUMBER IDENTIFIER
rucl marc code BD-RjUL
005 - DATE AND TIME OF LATEST TRANSACTION
control field 20211209082851.0
008 - FIXED-LENGTH DATA ELEMENTS--GENERAL INFORMATION
fixed length control field 191226s1930 inu 000 0 eng
035 ## - SYSTEM CONTROL NUMBER
System control number (BD-RjUL)76851
040 ## - CATALOGING SOURCE
Original cataloging agency DLC
Transcribing agency CarP
Modifying agency DLC
Language of cataloging eng
041 ## - LANGUAGE CODE
Language code of text/sound track or separate title eng
082 ## - DEWEY DECIMAL CLASSIFICATION NUMBER
Edition number 23
Classification number 813.52
Author mark and year STB 1930
100 1# - MAIN ENTRY--PERSONAL NAME
Personal name Stone, Grace Zaring,
Dates associated with a name 1891-1991.
9 (RLIN) 236952
245 04 - TITLE STATEMENT
Title The bitter tea of General Yen /
Statement of responsibility, etc. Grace Zaring Stone
260 ## - PUBLICATION, DISTRIBUTION, ETC. (IMPRINT)
Place of publication, distribution, etc. Indianapolis :
Name of publisher, distributor, etc. The Bobbs-Merrill company,
Date of publication, distribution, etc. c1930.
300 ## - PHYSICAL DESCRIPTION
Pagination 322 p.:
Illustrations ill.;
Size 21 cm.
650 ## - SUBJECT ADDED ENTRY--TOPICAL TERM
Topical term or geographic name as entry element China
9 (RLIN) 236953
Topical term or geographic name as entry element Missionaries, Medical
9 (RLIN) 236954
Topical term or geographic name as entry element Americans
9 (RLIN) 236955
942 ## - ADDED ENTRY ELEMENTS (KOHA)
Source of classification or shelving scheme Dewey Decimal Classification
Koha item type Books
Holdings
Lost status Source of classification or shelving scheme Damaged status Not for loan Collection code Permanent Location Current Location Shelving location Date acquired Source of acquisition Total Checkouts Full call number Date last seen Copy number Koha item type
  Dewey Decimal Classification   Not For Loan Non-fiction Central Library, University of Rajshahi Central Library, University of Rajshahi Reading Room 11/08/1965 U. S. I. S.   813.52 STB 1930 26/12/2019 C-1 Books